Представление документа в формате RUSMARC

ПолеНазваниеЗначение
  Тип записи a
  Библиографический уровень m
001 Контрольный номер RU/IS/BASE/624115901
005 Дата корректировки 20240207193836.9
010 Индекс ISBN __
d Цена 0 р. 70 к.
9 Тираж 60000 экз.
100 Данные общей обработки __
a Данные общей обработки 20191011d2019 ||| 0rusy0189 ca
101 Язык документа 0_
a Язык текста rus
102 Страна публикации __
a Страна публикации RU
105 Кодированные данные (монография) __
a Кодированные данные (монография) y###||||000|y
200 Заглавие и сведения об ответственности 1_
a Заглавие Филателистическая география
e Сведения, относящиеся к заглавию европейские зарубежные страны
f Первые сведения об ответственности Н. И. Владинец
b Общее обозначение материала Текст
210 Выходные данные 1_
a Место издания Москва
c Издательство Радио и связь
d Дата издания 1981
215 Физическое описание __
a Объем 160 с.
c Иллюстрации/тип воспроизводства ил.
606 Тематические рубрики 1_
a Основная рубрика Коллекционирование - Марки
y Географическая подрубрика Европа
610 Ключевые слова 1_
a Ключевые слова европейская почта
a Ключевые слова европейские марки
a Ключевые слова история почты
a Ключевые слова коллекционирование
a Ключевые слова коллекционирование марок
a Ключевые слова марки
a Ключевые слова почтовые марки
a Ключевые слова филателисты
a Ключевые слова филателия
686 Индексы других классификаций __
a Классификационный индекс 76.19
2 Код системы rubbk
700 Автор _1
a Фамилия Владинец
b Имя (инициалы) Николай Иванович
g Полное личное имя Н. И.
801 Источник записи _0
a Страна RU
b Организация Ульяновская ОБДЮ
c Дата составления 20191011
g Правила каталогизации RCR
801 Источник записи _1
a Страна RU
b Организация Ульяновская ОБДЮ
c Дата составления 20191011
g Правила каталогизации RCR
852 Данные о местонахождении __
a Наименование организации Ульяновская ОБДЮ
i Авторский знак В 57
j Шифр хранения 76.19
901 Тип документа __
t Тип документа m
909 Создатель записи __
a Создатель записи Андросова Н.А.
910 Корректоры записи __
a Корректор записи Андросова Н.А.
919 __
a Андросова Н.А.
c Андросова Н.А.
938 Служебная информация __
a Имя БД MarkBase